Normal view
MARC view
- Camcı, Bayram,
Entry Personal Name
001 - CONTROL NUMBER
- control field: 151839
003 - CONTROL NUMBER IDENTIFIER
- control field: TR-AnTOB
005 - DATE AND TIME OF LATEST TRANSACTION
- control field: 20260115105515.0
008 - FIXED-LENGTH DATA ELEMENTS
- fixed length control field: 960923n| acannaab| |n aaa c
010 ## - LIBRARY OF CONGRESS CONTROL NUMBER
- LC control number: nr 96034184
040 ## - CATALOGING SOURCE
- Original cataloging agency: NjP
- Language of cataloging: eng
- Description conventions: rda
- Transcribing agency: NjP
- Modifying agency: TR-AnTOB
100 10 - HEADING--PERSONAL NAME
- Personal name: Camcı, Bayram,
- Dates associated with a name: 1932-
670 ## - SOURCE DATA FOUND
- Source citation: Türk deniz ticareti ve Türkiye denizcilik işletmeleri tarihçesi, 1994:
- Information found: v. 1, t.p. (Bayram Camcı, genel müdür danışmanı) jkt. (b. 1932 in Konya-Ereğli)



